<?xml version="1.0" encoding="UTF-8"?>
<record
    xmlns:xsi="http://www.w3.org/2001/XMLSchema-instance"
    xsi:schemaLocation="http://www.loc.gov/MARC21/slim http://www.loc.gov/standards/marcxml/schema/MARC21slim.xsd"
    xmlns="http://www.loc.gov/MARC21/slim">

  <leader>00937nam a2200241 i 4500</leader>
  <controlfield tag="001">21817</controlfield>
  <controlfield tag="003">ES-MaACL</controlfield>
  <controlfield tag="005">20251004063047.0</controlfield>
  <controlfield tag="007">t|</controlfield>
  <controlfield tag="008">021127s1970    sp           ||||1| spa d</controlfield>
  <datafield tag="080" ind1=" " ind2=" ">
    <subfield code="a">27-46</subfield>
  </datafield>
  <datafield tag="100" ind1="0" ind2=" ">
    <subfield code="a">Almarcha Hern&#xE1;ndez, Luis,  </subfield>
    <subfield code="c">Obispo de le&#xF3;n</subfield>
    <subfield code="9">20098</subfield>
  </datafield>
  <datafield tag="245" ind1="1" ind2="0">
    <subfield code="a">Escritos doctrinales y pastorales. </subfield>
    <subfield code="n">III / </subfield>
    <subfield code="c">Luis Almarcha Hern&#xE1;ndez.</subfield>
  </datafield>
  <datafield tag="260" ind1=" " ind2=" ">
    <subfield code="a">Le&#xF3;n : </subfield>
    <subfield code="b">Centro de Estudios e Investigaci&#xF3;n "San Isidoro" : </subfield>
    <subfield code="b">Archivo Hist&#xF3;rico Diocesano, </subfield>
    <subfield code="c">1970.</subfield>
  </datafield>
  <datafield tag="300" ind1=" " ind2=" ">
    <subfield code="a">504 p. ; </subfield>
    <subfield code="c">24 cm.</subfield>
  </datafield>
  <datafield tag="490" ind1="1" ind2=" ">
    <subfield code="a">Escritos del Excmo. y Rvdmo. Sr. Dr. D. Luis Almarcha Hern&#xE1;ndez, obispo de Le&#xF3;n ; </subfield>
    <subfield code="v">3</subfield>
  </datafield>
  <datafield tag="650" ind1="0" ind2="7">
    <subfield code="a">Teolog&#xED;a pastoral</subfield>
    <subfield code="2">embne</subfield>
    <subfield code="9">17472</subfield>
  </datafield>
  <datafield tag="710" ind1="2" ind2=" ">
    <subfield code="a">Centro de Estudios e Investigaci&#xF3;n "San Isidoro"</subfield>
    <subfield code="9">134242</subfield>
  </datafield>
  <datafield tag="710" ind1="2" ind2=" ">
    <subfield code="a">Archivo Hist&#xF3;rico Diocesano de Le&#xF3;n.</subfield>
    <subfield code="9">144237</subfield>
  </datafield>
  <datafield tag="830" ind1="1" ind2="0">
    <subfield code="a">Escritos</subfield>
    <subfield code="v">3</subfield>
    <subfield code="9">231455</subfield>
  </datafield>
  <datafield tag="852" ind1=" " ind2=" ">
    <subfield code="a">ES-MaACL</subfield>
    <subfield code="j">E-13748  </subfield>
    <subfield code="x">Olim P-660</subfield>
  </datafield>
  <datafield tag="999" ind1=" " ind2=" ">
    <subfield code="c">21817</subfield>
    <subfield code="d">21817</subfield>
  </datafield>
  <datafield tag="952" ind1=" " ind2=" ">
    <subfield code="0">0</subfield>
    <subfield code="1">0</subfield>
    <subfield code="4">0</subfield>
    <subfield code="7">0</subfield>
    <subfield code="a">ATENEOM</subfield>
    <subfield code="b">ATENEOM</subfield>
    <subfield code="c">DEPO2</subfield>
    <subfield code="d">2010-12-10</subfield>
    <subfield code="e">DON</subfield>
    <subfield code="l">0</subfield>
    <subfield code="o">E-13748</subfield>
    <subfield code="p">1184850</subfield>
    <subfield code="r">2023-02-23 00:00:00</subfield>
    <subfield code="w">2023-02-23</subfield>
    <subfield code="y">MONOGRAFIA</subfield>
  </datafield>
</record>
